| 000 -LEADER |
| fixed length control field |
01192nam a2200253Ia 4500 |
| 001 - CONTROL NUMBER |
| control field |
18042 |
| 003 - CONTROL NUMBER IDENTIFIER |
| control field |
GE_BSU |
| 008 - FIXED-LENGTH DATA ELEMENTS--GENERAL INFORMATION |
| fixed length control field |
181216s||||||||xx |||||||||||||| ||und|| |
| 040 ## - CATALOGING SOURCE |
| Transcribing agency |
GE_BSU |
| 080 ## - UNIVERSAL DECIMAL CLASSIFICATION NUMBER |
| Universal Decimal Classification number |
81'44 |
| 100 ## - MAIN ENTRY--PERSONAL NAME |
| Personal name |
შარაძენიძე, თინ. |
| 245 ## - TITLE STATEMENT |
| Title |
ენათა კლასიფიკაციის პრინციპები |
| 245 ## - TITLE STATEMENT |
| Statement of responsibility, etc. |
რედ. არნ. ჩიქობავა. მხატვ. გ. ნადირაძე |
| 250 ## - EDITION STATEMENT |
| Edition statement |
საქ. სსრ მეცნ. აკად. ენათმეცნიერების ინ-ტი. |
| 260 ## - PUBLICATION, DISTRIBUTION, ETC. |
| Place of publication, distribution, etc. |
თბილისი |
| 260 ## - PUBLICATION, DISTRIBUTION, ETC. |
| Name of publisher, distributor, etc. |
საქ. სსრ მეცნ. აკად. გამ-ბა |
| 260 ## - PUBLICATION, DISTRIBUTION, ETC. |
| Date of publication, distribution, etc. |
1958 |
| 300 ## - PHYSICAL DESCRIPTION |
| Extent |
543გვ. ; 22სმ. |
| 300 ## - PHYSICAL DESCRIPTION |
| Accompanying material |
დანართი "საკუთარ სახელთა საძიებელი", გვ. 539-41 |
| 520 ## - SUMMARY, ETC. |
| Summary, etc. |
გაშლილი თავფურც. რუს. ენ.:[ყდაზე 1959]. |
| 653 ## - INDEX TERM--UNCONTROLLED |
| Uncontrolled term |
ენათა კლასიფიკაცია |
| 653 ## - INDEX TERM--UNCONTROLLED |
| Uncontrolled term |
ენათა კლასიფიკაციის პრინციპები |
| 942 ## - ADDED ENTRY ELEMENTS (KOHA) |
| Koha item type |
წიგნი |